[Event "Las Vegas National op"]
[Site "Las Vegas"]
[Date "2009.06.05"]
[Round "2"]
[White "Molner, Mackenzie"]
[Black "Sargissian, Gabriel"]
[Result "0-1"]
[WhiteElo "2384"]
[BlackElo "2660"]
[PlyCount "80"]
[EventDate "2009.06.05"]
[EventType "swiss"]
[EventRounds "6"]
[EventCountry "USA"]
[SourceTitle "CBM 130 Extra"]
[Source "ChessBase"]
[SourceDate "2009.07.02"]

1. e4 e5 2. Nf3 Nc6 3. Bc4 Bc5 4. b4 Bb6 5. a4 a6 6. Nc3 Nf6 7. O-O d6 8. Nd5
Ba7 9. d3 Nxd5 10. exd5 Nd4 11. Be3 Bg4 12. Bxd4 Bxd4 13. Rb1 Ba7 14. a5 O-O
15. b5 axb5 16. Rxb5 Rb8 17. Qe2 f5 18. Rfb1 Qe8 19. h3 Bxf3 20. Qxf3 Qc8 21.
c3 Kh8 22. Qe2 e4 23. d4 b6 24. a6 Qe8 25. f3 Qg6 26. fxe4 fxe4 27. Re1 Rbe8
28. Rbb1 e3 29. Bb5 Re7 30. Rf1 Rg8 31. Bd3 Qe8 32. Bb5 Qg6 33. Rbe1 Qg5 34.
Rf3 g6 35. Bc6 b5 36. Bxb5 Rb8 37. Bc6 Rb3 38. Rxe3 Bxd4 39. Qf3 Bxe3+ 40. Kh2
Qf4+ 0-1

[Event "New York Marshall CC op 2nd"]
[Site "New York"]
[Date "2009.06.23"]
[Round "9"]
[White "Ippolito, Dean"]
[Black "Molner, Mackenzie"]
[Result "1/2-1/2"]
[WhiteElo "2443"]
[BlackElo "2384"]
[PlyCount "72"]
[EventDate "2009.06.19"]
[EventType "swiss"]
[EventRounds "9"]
[EventCountry "USA"]
[SourceTitle "CBM 130 Extra"]
[Source "ChessBase"]
[SourceDate "2009.07.02"]

1. Nf3 c5 2. c4 Nf6 3. Nc3 Nc6 4. d4 cxd4 5. Nxd4 e6 6. Bf4 d6 7. Ndb5 e5 8.
Bg5 a6 9. Na3 Be7 10. e3 O-O 11. Be2 Be6 12. O-O Qa5 13. Nc2 Rfd8 14. e4 Nd4
15. Nxd4 exd4 16. Bxf6 Bxf6 17. Nd5 Bxd5 18. exd5 Re8 19. Bd3 Re5 20. Qb3 Qc7
21. Qc2 g6 22. Rae1 Rae8 23. Rxe5 Rxe5 24. b4 Qe7 25. g3 Kg7 26. Qd2 h5 27. Qf4
h4 28. Qxd4 hxg3 29. hxg3 Re2 30. Qf4 Rxa2 31. c5 dxc5 32. d6 Qe5 33. Qxe5 Bxe5
34. bxc5 Rd2 35. Be4 Bd4 36. Bxb7 Bxc5 1/2-1/2

[Event "US op 110th"]
[Site "Indianapolis"]
[Date "2009.08.06"]
[Round "6"]
[White "Lau, Robert"]
[Black "Molner, Mackenzie"]
[Result "1-0"]
[WhiteElo "2173"]
[BlackElo "2393"]
[PlyCount "85"]
[EventDate "2009.08.01"]
[EventType "swiss"]
[EventRounds "9"]
[EventCountry "USA"]
[SourceTitle "CBM 131 Extra"]
[Source "ChessBase"]
[SourceDate "2009.09.03"]

1. e4 c5 2. Nf3 d6 3. d4 cxd4 4. Nxd4 Nf6 5. Nc3 a6 6. Bg5 e6 7. f4 b5 8. e5
dxe5 9. fxe5 Qc7 10. exf6 Qe5+ 11. Be2 Qxg5 12. O-O Ra7 13. Nb3 b4 14. Qd4 Rd7
15. Ne4 Rxd4 16. Nxg5 Rd7 17. fxg7 Bxg7 18. Ne4 Bxb2 19. Nf6+ Bxf6 20. Rxf6 O-O
21. Raf1 Nc6 22. Nc5 Rd2 23. Bd3 Ne5 24. Ne4 Rxd3 25. cxd3 Nxd3 26. R6f3 Ne5
27. Nf6+ Kg7 28. Rg3+ Ng6 29. h4 h5 30. Nxh5+ Kh6 31. Nf6 e5 32. Rg5 Rh8 33.
Rh5+ Kg7 34. Rxh8 Nxh8 35. h5 Be6 36. Rf2 a5 37. g4 Kh6 38. Kg2 a4 39. Kg3 a3
40. Rd2 b3 41. axb3 Bxb3 42. Rd8 a2 43. Ra8 1-0

[Event "US op 110th"]
[Site "Indianapolis"]
[Date "2009.08.06"]
[Round "6"]
[White "Molner, Mackenzie"]
[Black "Herbst, Rudolf"]
[Result "1-0"]
[WhiteElo "2393"]
[BlackElo "1765"]
[PlyCount "85"]
[EventDate "2009.08.01"]
[EventType "swiss"]
[EventRounds "9"]
[EventCountry "USA"]
[SourceTitle "CBM 131 Extra"]
[Source "ChessBase"]
[SourceDate "2009.09.03"]

1. e4 c5 2. Nf3 Nc6 3. d4 cxd4 4. Nxd4 e5 5. Nb5 d6 6. N1c3 a6 7. Na3 b5 8. Nd5
Nge7 9. c3 Nxd5 10. exd5 Ne7 11. g3 g6 12. Bg2 Bg7 13. O-O O-O 14. Nc2 Bd7 15.
f4 Nf5 16. Kh1 Qb6 17. Qd3 Rac8 18. g4 Nh6 19. h3 f5 20. Be3 Qd8 21. g5 Nf7 22.
Nb4 exf4 23. Bxf4 Ne5 24. Qg3 a5 25. Nc2 Kh8 26. Nd4 Re8 27. Rad1 Qc7 28. Rfe1
Qc4 29. a3 Qc7 30. h4 Nc4 31. b3 Rxe1+ 32. Rxe1 Ne5 33. Ne6 Bxe6 34. dxe6 Kg8
35. Bd5 Kf8 36. c4 bxc4 37. bxc4 Rb8 38. Qe3 Rc8 39. Rb1 Rb8 40. Rc1 Qc5 41.
Qxc5 dxc5 42. Re1 Nd3 43. Bd6+ 1-0

[Event "US op 110th"]
[Site "Indianapolis"]
[Date "2009.08.08"]
[Round "8"]
[White "Molner, Mackenzie"]
[Black "Adams, Nick A"]
[Result "1/2-1/2"]
[WhiteElo "2393"]
[BlackElo "2211"]
[PlyCount "41"]
[EventDate "2009.08.01"]
[EventType "swiss"]
[EventRounds "9"]
[EventCountry "USA"]
[SourceTitle "CBM 131 Extra"]
[Source "ChessBase"]
[SourceDate "2009.09.03"]

1. e4 e5 2. Nf3 Nc6 3. Bc4 Bc5 4. b4 Bb6 5. a4 a6 6. Nc3 d6 7. Nd5 Ba7 8. d3 h6
9. Be3 Nf6 10. c3 Nxd5 11. Bxd5 Ne7 12. Bb3 O-O 13. O-O Ng6 14. Nd2 Be6 15.
Bxe6 fxe6 16. Bxa7 Rxa7 17. g3 Ra8 18. Qg4 Qf6 19. Nc4 Kh7 20. Ne3 Ne7 21. Rad1
1/2-1/2

[Event "US op 110th"]
[Site "Indianapolis"]
[Date "2009.08.09"]
[Round "9"]
[White "Wasiluk, Kevin M"]
[Black "Molner, Mackenzie"]
[Result "0-1"]
[WhiteElo "2220"]
[BlackElo "2393"]
[PlyCount "116"]
[EventDate "2009.08.01"]
[EventType "swiss"]
[EventRounds "9"]
[EventCountry "USA"]
[SourceTitle "CBM 131 Extra"]
[Source "ChessBase"]
[SourceDate "2009.09.03"]

1. e4 c5 2. Nf3 d6 3. d4 cxd4 4. Nxd4 Nf6 5. Nc3 a6 6. Be2 e5 7. Nb3 Be7 8. O-O
O-O 9. Be3 Be6 10. f4 exf4 11. Rxf4 Nc6 12. Nd5 Bxd5 13. exd5 Ne5 14. Rb4 Qc7
15. a4 Nfd7 16. c3 a5 17. Re4 f5 18. Rd4 Bf6 19. Rd2 Nc4 20. Bxc4 Qxc4 21. Qf1
Qe4 22. Re1 Qxa4 23. Nd4 Nc5 24. Nb5 Ne4 25. Rdd1 Rf7 26. Qd3 Rc8 27. Ra1 Qc4
28. Qxc4 Rxc4 29. Rxa5 Rc8 30. Ra4 Be5 31. Rea1 Nc5 32. Ra8 Rff8 33. Rxc8 Rxc8
34. Ra7 Nd3 35. Ra2 Kf7 36. g3 f4 37. gxf4 Nxf4 38. Ra7 Rb8 39. Bxf4 Bxf4 40.
Kg2 Kf6 41. Nc7 Ke5 42. Ra5 g5 43. Rb5 h5 44. Ne6 g4 45. Nd4 Ke4 46. Nc6 Rf8
47. Rxb7 Be3 48. Nb4 Rf2+ 49. Kg3 Rf3+ 50. Kg2 Bf4 51. Re7+ Kf5 52. Re2 h4 53.
Nc2 h3+ 54. Kg1 Rd3 55. Nd4+ Kg6 56. Re4 Rd1+ 57. Kf2 g3+ 58. hxg3 h2 0-1

[Event "USA tt"]
[Site "ICC INT"]
[Date "2009.09.21"]
[Round "4"]
[White "Molner, Mackenzie"]
[Black "Herman, Matthew J"]
[Result "1-0"]
[WhiteElo "2393"]
[BlackElo "2149"]
[PlyCount "65"]
[EventDate "2009.08.31"]
[EventType "team (rapid)"]
[EventRounds "10"]
[EventCountry "USA"]
[SourceTitle "CBM 132 Extra"]
[Source "ChessBase"]
[SourceDate "2009.11.03"]

1. e4 c5 2. Nf3 d6 3. d4 cxd4 4. Nxd4 Nf6 5. Nc3 a6 6. Bg5 e6 7. f4 Nbd7 8. Bc4
Nc5 9. e5 h6 10. Bh4 g5 11. fxg5 Nfe4 12. Qh5 hxg5 13. Qxh8 gxh4 14. Nxe4 Nxe4
15. exd6 Nxd6 16. Be2 Qg5 17. Nf3 Qa5+ 18. c3 Bd7 19. Qxh4 Nf5 20. Qg5 Qb6 21.
Ne5 Qxb2 22. O-O Qxe2 23. Rae1 Qb5 24. Qf6 Bc5+ 25. Kh1 Nd6 26. Qh8+ Ke7 27.
Qf6+ Ke8 28. Qh8+ Ke7 29. Qxa8 Be8 30. Qb8 Qa5 31. Rd1 Ba3 32. Rxd6 Bxd6 33.
Qxd6+ 1-0

[Event "USA tt sf"]
[Site "ICC INT"]
[Date "2009.11.18"]
[Round "1"]
[White "Molner, Mackenzie"]
[Black "Herman, Matthew J"]
[Result "1/2-1/2"]
[WhiteElo "2393"]
[BlackElo "2149"]
[PlyCount "69"]
[EventDate "2009.08.31"]
[EventType "team-match"]
[EventRounds "1"]
[EventCountry "USA"]
[SourceTitle "EXT 2010"]
[Source "ChessBase"]
[SourceDate "2009.11.30"]

1. e4 c5 2. Nf3 d6 3. d4 cxd4 4. Nxd4 Nf6 5. Nc3 a6 6. Bg5 e6 7. f4 Nc6 8. e5
h6 9. Bh4 g5 10. fxg5 Nd5 11. Nxd5 exd5 12. exd6 Bxd6 13. Qe2+ Kf8 14. O-O-O
Nxd4 15. Rxd4 hxg5 16. Be1 Bf5 17. Bc3 Rc8 18. g4 Be6 19. Bb4 Bxb4 20. Rxb4 Qc7
21. Qf2 b5 22. h3 Rh6 23. Bd3 Qc5 24. Qxc5+ Rxc5 25. Kd2 Ke7 26. Ke3 Kd6 27. c3
Bd7 28. Rd4 Rc8 29. Be4 Bc6 30. Bg2 Re8+ 31. Kf2 a5 32. Rhd1 Rf6+ 33. Bf3 a4
34. a3 Re5 35. R1d3 1/2-1/2

[Event "USA tt qual"]
[Site "ICC INT"]
[Date "2009.11.11"]
[Round "1"]
[White "Molner, Mackenzie"]
[Black "Uesugi, Shinsaku"]
[Result "1/2-1/2"]
[WhiteElo "2393"]
[BlackElo "2314"]
[PlyCount "100"]
[EventDate "2009.11.11"]
[EventType "team-tourn"]
[EventRounds "1"]
[EventCountry "USA"]
[SourceTitle "EXT 2010"]
[Source "ChessBase"]
[SourceDate "2009.11.30"]

1. e4 c5 2. Nf3 Nc6 3. d4 cxd4 4. Nxd4 Nf6 5. Nc3 e5 6. Ndb5 d6 7. Bg5 a6 8.
Na3 b5 9. Bxf6 gxf6 10. Nd5 f5 11. Bd3 Be6 12. c3 Bxd5 13. exd5 Ne7 14. Nxb5
Bg7 15. Na3 O-O 16. O-O e4 17. Bc2 Rc8 18. Qh5 Rc5 19. Rad1 Qb8 20. Bb3 a5 21.
Nc2 a4 22. Bxa4 Qxb2 23. Bb3 Qxc3 24. Qg5 Qf6 25. Qxf6 Bxf6 26. Ne3 Rfc8 27. g3
Rc3 28. h4 f4 29. gxf4 Bxh4 30. Ng2 Nf5 31. Rfe1 Re8 32. Ba4 Re7 33. Rc1 Bf6
34. Rxc3 Bxc3 35. Rc1 Bd4 36. Rc8+ Kg7 37. Bc6 e3 38. fxe3 Nxe3 39. Nxe3 Rxe3
40. Kg2 Re2+ 41. Kf3 Rxa2 42. Rc7 Ra7 43. Rxa7 Bxa7 44. Bd7 Kg6 45. Bh3 Bc5 46.
Bg4 Kf6 47. Ke4 h6 48. Bh5 Ba3 49. Kf3 Bc1 50. Ke4 Ba3 1/2-1/2

[Event "Philadelphia National op 40th"]
[Site "Philadelphia"]
[Date "2009.11.27"]
[Round "2"]
[White "Molner, Mackenzie"]
[Black "Shvartsman, Andrew Nathaniel"]
[Result "1/2-1/2"]
[WhiteElo "2393"]
[BlackElo "2083"]
[PlyCount "85"]
[EventDate "2009.11.27"]
[EventType "swiss"]
[EventRounds "6"]
[EventCountry "USA"]
[SourceTitle "CBM 133 Extra"]
[Source "ChessBase"]
[SourceDate "2010.01.05"]

1. e4 c5 2. Nf3 Nc6 3. d4 cxd4 4. Nxd4 Nf6 5. Nc3 e5 6. Ndb5 d6 7. Bg5 a6 8.
Na3 b5 9. Bxf6 gxf6 10. Nd5 f5 11. Bd3 Be6 12. c3 Bg7 13. Nxb5 axb5 14. Bxb5
Bd7 15. exf5 O-O 16. O-O Re8 17. Qg4 Kh8 18. Qe4 Rb8 19. a4 f6 20. Rfd1 Qc8 21.
Qc4 Qb7 22. b4 e4 23. Ba6 Ne5 24. Bxb7 Nxc4 25. Ba6 Nb2 26. Rd2 Nxa4 27. Nc7
Re7 28. Rxd6 Nxc3 29. Rc1 e3 30. Rxc3 e2 31. Bxe2 Rxe2 32. g4 Be8 33. Rcd3 Re1+
34. Kg2 Rc8 35. Ne6 Kg8 36. Rd8 Rec1 37. h4 Bf8 38. Rxc8 Rxc8 39. Nxf8 Kxf8 40.
Rd4 Rc3 41. f4 Bc6+ 42. Kh2 Rc2+ 43. Kg3 1/2-1/2

[Event "Philadelphia National op 40th"]
[Site "Philadelphia"]
[Date "2009.11.29"]
[Round "6"]
[White "Lenderman, Aleksandr"]
[Black "Molner, Mackenzie"]
[Result "1-0"]
[WhiteElo "2504"]
[BlackElo "2393"]
[PlyCount "69"]
[EventDate "2009.11.27"]
[EventType "swiss"]
[EventRounds "6"]
[EventCountry "USA"]
[SourceTitle "CBM 133 Extra"]
[Source "ChessBase"]
[SourceDate "2010.01.05"]

1. d4 Nf6 2. c4 c5 3. Nf3 e6 4. e3 cxd4 5. exd4 d5 6. Nc3 Bb4 7. cxd5 Nxd5 8.
Bd2 Nc6 9. Bd3 Be7 10. a3 O-O 11. O-O Nf6 12. Bg5 h6 13. Be3 Re8 14. Bb1 Bf8
15. Qc2 g6 16. Ba2 Ne7 17. Ne5 Bd7 18. Qd2 Nf5 19. g4 Nxe3 20. fxe3 Bg7 21. Rf4
Rf8 22. Raf1 Be8 23. Qf2 Nh7 24. Nxf7 Qe7 25. Ne5 Bxe5 26. Rxf8+ Nxf8 27. dxe5
Bc6 28. b4 a6 29. Qf4 g5 30. Qg3 Rd8 31. Bb1 Rd2 32. Be4 Bxe4 33. Nxe4 Rc2 34.
Qh3 Kg7 35. Nd6 1-0

[Event "Pan American Intercollegiate-chT"]
[Site "South Padre Island"]
[Date "2009.12.28"]
[Round "3"]
[White "Molner, Mackenzie"]
[Black "Erenburg, Sergey"]
[Result "1/2-1/2"]
[WhiteElo "2397"]
[BlackElo "2579"]
[PlyCount "125"]
[EventDate "2009.12.27"]
[EventType "team-swiss"]
[EventRounds "6"]
[EventCountry "USA"]
[SourceTitle "CBM 134 Extra"]
[Source "ChessBase"]
[SourceDate "2010.03.03"]

1. e4 c6 2. d4 d5 3. e5 Bf5 4. Nf3 e6 5. Be2 Ne7 6. O-O Bg6 7. b3 Nf5 8. c4 Nd7
9. Nc3 Bb4 10. Bb2 O-O 11. a3 Be7 12. h3 f6 13. cxd5 cxd5 14. Bd3 fxe5 15. dxe5
Rc8 16. Ne2 Nc5 17. Bxf5 Bxf5 18. Nfd4 Bg6 19. b4 Nd3 20. Nxe6 Nxb2 21. Qd4 Qb6
22. Nxf8 Bxf8 23. Qxd5+ Bf7 24. Qe4 Rc4 25. Qb1 Na4 26. Rc1 Qb5 27. Rxc4 Bxc4
28. Ng3 Qxe5 29. Qe1 Bd6 30. Qxe5 Bxe5 31. Re1 Bxg3 32. fxg3 Kf7 33. Kf2 Nb6
34. g4 Bd5 35. Re5 a6 36. g5 Bc6 37. Rc5 Nd7 38. Rc3 Kg6 39. h4 Kh5 40. Kg3 Ne5
41. Re3 Ng6 42. Re1 h6 43. gxh6 Kxh6 44. Rc1 Ne5 45. Rc3 Nf7 46. Kh3 Ne5 47. g4
g5 48. Rc5 Nf3 49. hxg5+ Nxg5+ 50. Kh4 Nf3+ 51. Kg3 Nd4 52. Rh5+ Kg6 53. Kf4
Ne6+ 54. Ke5 Nc7 55. Kf4 Nb5 56. Rh3 Nd4 57. Ke5 Nf3+ 58. Kf4 Ne1 59. Rc3 Bb5
60. Ke5 Kg5 61. Kd6 Kxg4 62. Kc7 Bc6 63. Rxc6 1/2-1/2

[Event "Pan American Intercollegiate-chT"]
[Site "South Padre Island"]
[Date "2009.12.29"]
[Round "4"]
[White "Flores Rios, Mauricio"]
[Black "Molner, Mackenzie"]
[Result "1/2-1/2"]
[WhiteElo "2510"]
[BlackElo "2397"]
[PlyCount "92"]
[EventDate "2009.12.27"]
[EventType "team-swiss"]
[EventRounds "6"]
[EventCountry "USA"]
[SourceTitle "CBM 134 Extra"]
[Source "ChessBase"]
[SourceDate "2010.03.03"]

1. e4 d6 2. d4 Nf6 3. f3 d5 4. e5 Nfd7 5. f4 c5 6. c3 cxd4 7. cxd4 Nb6 8. Nc3
Nc6 9. h3 h5 10. g3 Bf5 11. b3 e6 12. a3 Be7 13. Bb2 g5 14. fxg5 Bxg5 15. Nf3
Be4 16. Bd3 Bxf3 17. Qxf3 Nxd4 18. Qf2 Nxb3 19. Rd1 Qe7 20. Nb5 O-O 21. h4 Bh6
22. Qf3 Nc5 23. Qxh5 Nxd3+ 24. Rxd3 Bg7 25. Bd4 Nd7 26. O-O f6 27. exf6 Nxf6
28. Qg5 Rae8 29. Nc7 Qxc7 30. Bxf6 Qf7 31. Rdf3 Kh7 32. h5 Bh6 33. Qe5 Qg8 34.
Qc7+ Qf7 35. Qc2+ Kg8 36. g4 Qh7 37. Qg2 Bg7 38. Bxg7 Qxg7 39. Qg3 Rxf3 40.
Rxf3 Rf8 41. Rxf8+ Qxf8 42. g5 Qc5+ 43. Kh2 Qc2+ 44. Kh3 Qf5+ 45. Kh4 e5 46. g6
Kg7 1/2-1/2

[Event "Pan American Intercollegiate-chT"]
[Site "South Padre Island"]
[Date "2009.12.29"]
[Round "5"]
[White "Molner, Mackenzie"]
[Black "Howell, Shamel"]
[Result "1-0"]
[WhiteElo "2397"]
[BlackElo "2071"]
[PlyCount "85"]
[EventDate "2009.12.27"]
[EventType "team-swiss"]
[EventRounds "6"]
[EventCountry "USA"]
[SourceTitle "CBM 134 Extra"]
[Source "ChessBase"]
[SourceDate "2010.03.03"]

1. e4 e5 2. Nf3 Nc6 3. Bc4 Bc5 4. b4 Bxb4 5. c3 Ba5 6. d4 exd4 7. O-O Nf6 8.
Ba3 d6 9. e5 Ne4 10. exd6 cxd6 11. cxd4 O-O 12. d5 Qf6 13. dxc6 Qxa1 14. Qd5
Nc5 15. Bxc5 dxc5 16. cxb7 Bxb7 17. Qxb7 Rab8 18. Bxf7+ Kh8 19. Qe4 Qf6 20. Bb3
Rb4 21. Qe5 Rc8 22. Nbd2 Qxe5 23. Nxe5 g6 24. Ndc4 Bc7 25. Nd3 Rb5 26. g3 Bb8
27. Re1 Rb7 28. Ba4 Kg7 29. Re6 Kf7 30. Ra6 Re7 31. Bb3 Kg7 32. Ra5 Rec7 33.
Kg2 h6 34. Ba4 Kh7 35. Bc2 Re7 36. Ra6 Re2 37. Bb1 Rf8 38. Kf1 Re4 39. Ndb2 Rg4
40. Ne3 Rg5 41. Nbc4 Rg8 42. h4 Rh5 43. Bd3 1-0

[Event "USA-chT Amateur East"]
[Site "Parsippany"]
[Date "2010.02.13"]
[Round "1"]
[White "Sells, Philip Grant"]
[Black "Molner, Mackenzie"]
[Result "0-1"]
[WhiteElo "1837"]
[BlackElo "2393"]
[PlyCount "82"]
[EventDate "2010.02.13"]
[EventType "team-tourn"]
[EventRounds "6"]
[EventCountry "USA"]
[SourceTitle "CBM 135 Extra"]
[Source "ChessBase"]
[SourceDate "2010.05.04"]

1. e4 c5 2. Nf3 d6 3. d4 cxd4 4. Nxd4 Nf6 5. Nc3 a6 6. Bg5 e6 7. f4 Be7 8. Qf3
h6 9. Bh4 Nbd7 10. O-O-O Qc7 11. Nb3 g5 12. Bf2 gxf4 13. Qxf4 Ne5 14. Kb1 Bd7
15. Bd3 b5 16. Rhf1 b4 17. Ne2 Rg8 18. g3 Nfg4 19. Qd2 Nxh2 20. Rh1 Nhg4 21.
Nf4 a5 22. Qe2 a4 23. Nc1 Nxf2 24. Qxf2 a3 25. Qd4 axb2 26. Qxb2 Ng4 27. Rdf1
Qc3 28. Nfe2 Qxb2+ 29. Kxb2 Bf6+ 30. Rxf6 Nxf6 31. Rxh6 Ke7 32. Nb3 Rh8 33.
Rxh8 Rxh8 34. Nd2 Rh2 35. Kb3 e5 36. Kxb4 Bg4 37. Nf1 Rxe2 38. Bxe2 Bxe2 39.
Nd2 Ba6 40. Ka5 Bb7 41. Kb6 Bxe4 0-1

[Event "Mesa Copper State-A"]
[Site "Mesa"]
[Date "2010.06.04"]
[Round "1"]
[White "Lenderman, Aleksandr"]
[Black "Molner, Mackenzie"]
[Result "1-0"]
[WhiteElo "2598"]
[BlackElo "2439"]
[PlyCount "72"]
[EventDate "2010.06.04"]
[EventType "tourn"]
[EventRounds "9"]
[EventCountry "USA"]
[EventCategory "10"]
[SourceTitle "CBM 136 Extra"]
[Source "ChessBase"]
[SourceDate "2010.07.02"]

1. d4 Nf6 2. c4 e6 3. g3 Bb4+ 4. Bd2 Bxd2+ 5. Qxd2 O-O 6. Bg2 d5 7. Nf3 c6 8.
O-O Nbd7 9. Qc2 b6 10. Rd1 Bb7 11. Nc3 Qe7 12. Nd2 c5 13. cxd5 exd5 14. dxc5
Nxc5 15. Nf1 Rad8 16. Nb5 a6 17. Nd4 Rfe8 18. Qd2 Nfe4 19. Qe1 Qe5 20. Rac1 Rc8
21. Qb4 Qf6 22. Nf3 a5 23. Qd4 Ba6 24. Rc2 Ne6 25. Qxf6 Nxf6 26. Rdc1 Rxc2 27.
Rxc2 d4 28. Bh3 d3 29. exd3 Bxd3 30. Rc1 Nc5 31. Ne3 g6 32. Nd2 Nfe4 33. Nxe4
Rxe4 34. Bf1 Bxf1 35. Kxf1 Rb4 36. b3 a4 1-0

[Event "Mesa Copper State-A"]
[Site "Mesa"]
[Date "2010.06.04"]
[Round "2"]
[White "Molner, Mackenzie"]
[Black "Gareev, Timur"]
[Result "1/2-1/2"]
[WhiteElo "2439"]
[BlackElo "2599"]
[PlyCount "50"]
[EventDate "2010.06.04"]
[EventType "tourn"]
[EventRounds "9"]
[EventCountry "USA"]
[EventCategory "10"]
[SourceTitle "CBM 136 Extra"]
[Source "ChessBase"]
[SourceDate "2010.07.02"]

1. e4 e5 2. Nf3 Nc6 3. Bc4 Bc5 4. b4 Bxb4 5. c3 Be7 6. d4 Na5 7. Be2 exd4 8.
Qxd4 d6 9. Qxg7 Bf6 10. Qg3 Qe7 11. Bb5+ Bd7 12. Bxd7+ Qxd7 13. O-O O-O-O 14.
Bg5 Nc6 15. Nbd2 h6 16. Bxf6 Nxf6 17. Qf4 Ng4 18. Nc4 Rhg8 19. Rad1 Qe6 20. Ne3
Nxe3 21. Qxe3 Qg4 22. g3 f5 23. exf5 Qxf5 24. Nd4 Nxd4 25. Rxd4 Qc5 1/2-1/2

[Event "Mesa Copper State-A"]
[Site "Mesa"]
[Date "2010.06.05"]
[Round "3"]
[White "Shankland, Samuel L"]
[Black "Molner, Mackenzie"]
[Result "0-1"]
[WhiteElo "2507"]
[BlackElo "2439"]
[PlyCount "70"]
[EventDate "2010.06.04"]
[EventType "tourn"]
[EventRounds "9"]
[EventCountry "USA"]
[EventCategory "10"]
[SourceTitle "CBM 136 Extra"]
[Source "ChessBase"]
[SourceDate "2010.07.02"]

1. d4 Nf6 2. c4 e6 3. Nf3 c5 4. d5 b5 5. dxe6 fxe6 6. cxb5 a6 7. bxa6 Bxa6 8.
g3 Nc6 9. Nc3 Be7 10. e4 Qb6 11. Be2 Bxe2 12. Qxe2 Nd4 13. Nxd4 cxd4 14. Nd1
Qa5+ 15. Bd2 Bb4 16. f3 O-O 17. a3 Bxd2+ 18. Qxd2 Qa6 19. Qxd4 d5 20. e5 Nd7
21. Kf2 Rac8 22. Ne3 Nc5 23. Rae1 Nb3 24. Qd1 Qb7 25. f4 d4 26. Nc2 g5 27. Nb4
gxf4 28. g4 d3 29. Qf3 Qb6+ 30. Kg2 Nd2 31. Qxd3 Qb7+ 32. Kh3 Nf3 33. g5 Rcd8
34. Qa6 Nxg5+ 35. Kg4 Qf3+ 0-1

[Event "Mesa Copper State-A"]
[Site "Mesa"]
[Date "2010.06.06"]
[Round "4"]
[White "Molner, Mackenzie"]
[Black "Stopa, Jacek"]
[Result "1-0"]
[WhiteElo "2439"]
[BlackElo "2474"]
[PlyCount "77"]
[EventDate "2010.06.04"]
[EventType "tourn"]
[EventRounds "9"]
[EventCountry "USA"]
[EventCategory "10"]
[SourceTitle "CBM 136 Extra"]
[Source "ChessBase"]
[SourceDate "2010.07.02"]

1. e4 e5 2. Nf3 Nc6 3. Bc4 Nf6 4. Ng5 d5 5. exd5 Na5 6. Bb5+ c6 7. dxc6 bxc6 8.
Bd3 Nd5 9. Nf3 Bd6 10. O-O Nf4 11. Re1 Nxd3 12. cxd3 O-O 13. Nc3 Bg4 14. h3 Bh5
15. Ne4 Re8 16. b3 Bf8 17. Ng3 Bg6 18. Bb2 f6 19. d4 e4 20. Nh4 Bd6 21. Nxg6
Bxg3 22. fxg3 hxg6 23. Qg4 Qd5 24. Rac1 Nb7 25. Qxg6 a5 26. Rf1 Re6 27. Rf5 Qd6
28. Rcf1 Rf8 29. Rh5 Rf7 30. Qh7+ Kf8 31. Qh8+ Ke7 32. Qc8 Nd8 33. d5 cxd5 34.
Bd4 Ke8 35. Rh8+ Rf8 36. Bc5 Rxh8 37. Bxd6 Rxd6 38. Qc7 Rd7 39. Qxa5 1-0

[Event "Mesa Copper State-A"]
[Site "Mesa"]
[Date "2010.06.06"]
[Round "5"]
[White "Ramirez, Alejandro"]
[Black "Molner, Mackenzie"]
[Result "1/2-1/2"]
[WhiteElo "2556"]
[BlackElo "2439"]
[PlyCount "41"]
[EventDate "2010.06.04"]
[EventType "tourn"]
[EventRounds "9"]
[EventCountry "USA"]
[EventCategory "10"]
[SourceTitle "CBM 136 Extra"]
[Source "ChessBase"]
[SourceDate "2010.07.02"]

1. d4 Nf6 2. c4 e6 3. Nc3 Bb4 4. e3 b6 5. Nge2 Ba6 6. a3 Bxc3+ 7. Nxc3 d5 8.
Be2 O-O 9. O-O Bxc4 10. Bxc4 dxc4 11. Qa4 Nbd7 12. Qxc4 c5 13. dxc5 Nxc5 14.
Rd1 Qc8 15. b3 a6 16. a4 b5 17. axb5 axb5 18. Rxa8 bxc4 19. Rxc8 Rxc8 20. bxc4
Ncd7 21. Ne4 1/2-1/2

[Event "Mesa Copper State-A"]
[Site "Mesa"]
[Date "2010.06.07"]
[Round "6"]
[White "Molner, Mackenzie"]
[Black "Andrianov, Nikolai"]
[Result "1-0"]
[WhiteElo "2439"]
[BlackElo "2409"]
[PlyCount "89"]
[EventDate "2010.06.04"]
[EventType "tourn"]
[EventRounds "9"]
[EventCountry "USA"]
[EventCategory "10"]
[SourceTitle "CBM 136 Extra"]
[Source "ChessBase"]
[SourceDate "2010.07.02"]

1. e4 c5 2. Nf3 Nc6 3. d4 cxd4 4. Nxd4 g6 5. Nc3 Bg7 6. Be3 Nf6 7. Bc4 O-O 8.
Bb3 a5 9. O-O a4 10. Nxa4 Nxe4 11. Nb5 d6 12. Qe2 Ra6 13. c4 Nf6 14. Rad1 b6
15. Rfe1 h6 16. Nac3 Re8 17. Nd5 Nxd5 18. cxd5 Na5 19. Bc2 Nb7 20. a3 Nc5 21.
b4 Na4 22. Bxa4 Rxa4 23. Qc2 Ra8 24. Nc7 Bg4 25. Rc1 Rxa3 26. Nxe8 Qxe8 27.
Bxb6 Bc3 28. Re3 Bxb4 29. Rxa3 Bxa3 30. Ra1 Qb5 31. Bd4 Qxd5 32. Bc3 Bc5 33.
Qa4 e5 34. Qxg4 Qd3 35. Qh3 Qc2 36. Qxh6 Qxf2+ 37. Kh1 Ba7 38. Qd2 Qf6 39. h3
Bc5 40. Qh6 Qd8 41. Bd2 Bd4 42. Bg5 Qf8 43. Qxf8+ Kxf8 44. Ra8+ Kg7 45. Be7 1-0

[Event "Mesa Copper State-A"]
[Site "Mesa"]
[Date "2010.06.08"]
[Round "7"]
[White "Krush, Irina"]
[Black "Molner, Mackenzie"]
[Result "1/2-1/2"]
[WhiteElo "2455"]
[BlackElo "2439"]
[PlyCount "117"]
[EventDate "2010.06.04"]
[EventType "tourn"]
[EventRounds "9"]
[EventCountry "USA"]
[EventCategory "10"]
[SourceTitle "CBM 136 Extra"]
[Source "ChessBase"]
[SourceDate "2010.07.02"]

1. d4 Nf6 2. c4 e6 3. Nc3 Bb4 4. Qc2 d5 5. cxd5 exd5 6. Bg5 c5 7. dxc5 h6 8.
Bh4 g5 9. Bg3 Ne4 10. e3 Qa5 11. Nge2 Bf5 12. Bxb8 Rxb8 13. Nd4 Bh7 14. Bb5+
Kf8 15. Bd3 Nxc3 16. O-O Bxd3 17. Qxd3 Ne4 18. a3 Bxc5 19. b4 Qa6 20. Qxa6 bxa6
21. bxc5 Nxc5 22. Rac1 Ne6 23. Nxe6+ fxe6 24. Rc7 Kg8 25. Rxa7 Rh7 26. Rxa6 Re7
27. g4 Rb2 28. Kg2 Kg7 29. Kg3 e5 30. h4 gxh4+ 31. Kxh4 Rf7 32. Rd6 d4 33. exd4
exd4 34. f4 Rh2+ 35. Kg3 Ra2 36. f5 Rxa3+ 37. Kf4 Rf6 38. Rxd4 Rfa6 39. Rfd1
R6a4 40. Rxa4 Rxa4+ 41. Ke5 Ra7 42. Rd6 Re7+ 43. Re6 Ra7 44. Rg6+ Kh7 45. Rd6
Kg7 46. Ke6 Rf7 47. Rd8 Rf6+ 48. Ke5 Rf7 49. Rd6 Re7+ 50. Re6 Ra7 51. Rg6+ Kh7
52. g5 hxg5 53. Kf6 Ra6+ 54. Kxg5 Rxg6+ 55. fxg6+ Kg7 56. Kf5 Kg8 57. Kf6 Kf8
58. g7+ Kg8 59. Kg6 1/2-1/2